00417nam a2200145Ia 4500008004100000041000900041082001500050100002200065245002400087260003400111300000900145650000800154999001700162952009200179230718s9999 xx 000 0 und d aEng. a192bKHO-Y aKhokhar, Muhammad 0aYearly Law Reporter aPakistanbSupreme Courtc2016 a1348 aLaw c31300d31300 00104070aSIRC-LbSIRC-Ld2023-07-18l0o192 KHO-Yp26251r2023-07-18w2023-07-18yBK